Estudio técnico-económico de la instalación de una planta procesadora de neumáticos fuera de uso para la obtención de polvo de caucho, en el municipio de Managua

El presente trabajo de investigación, tiene como objetivo principal la elaboración de un estudio técnico-económico de la instalación de una planta procesadora de neumáticos fuera de uso, a emplazar en el municipio de Managua. Dicha investigación contempló la realización de un estudio técni...

Full description

Bibliographic Details
Main Author: Urbina Torres, David Leonel
Other Authors: Tutor: Álvarez García, Sergio Enrique
Format: Tesis Section = Libro
Language:Undetermined
Spanish
Published: Managua UNI 2020
Subjects:
LEADER 01583nam a2200265Ia 4500
008 240830s9999 xx 000 0 und d
040 |a CEDOC DACA-RUSB / Mon 658.404 U73 
041 |a spa 
082 |a Mon 658.404 U73 
100 1 |a Urbina Torres, David Leonel 
245 1 0 |a Estudio técnico-económico de la instalación de una planta procesadora de neumáticos fuera de uso para la obtención de polvo de caucho, en el municipio de Managua 
260 |a Managua  |b UNI  |c 2020 
300 |a 87 p. :il. 
500 |a Contiene: Anexos 
502 |a Tesis (Ingeniero Químico) -UNI, 2020. 
520 3 |a El presente trabajo de investigación, tiene como objetivo principal la elaboración de un estudio técnico-económico de la instalación de una planta procesadora de neumáticos fuera de uso, a emplazar en el municipio de Managua. Dicha investigación contempló la realización de un estudio técnico, un estudio económico, un estudio financiero y una evaluación de impacto ambiental, con el fin de establecer los requerimientos técnicos, cuantificar la inversión necesaria, determinar los posibles impactos ambientales generados por el proyecto y evaluar la rentabilidad económica de este proyecto 
650 7 |a PLANTA PROCESADORA DE NEUMATICO-INSTALACION-PROYECTOS 
650 7 |b  ESTUDIO ECONOMICO 
650 7 |c  EVALUACION ECONOMICA-FINANCIERA 
650 7 |d  IMPACTO AMBIENTAL 
650 7 |e  PRODUCCION DE POLVO DE CAUCHO-ASPECTOS ECONOMICO 
700 1 |a Tutor:  |b Álvarez García, Sergio Enrique 
942 |c BK  |2 ddc 
991 |a TESIS 
999 |c 26171